| 000 | 01432nam a22003372 4500 | ||
|---|---|---|---|
| 001 | 5666 | ||
| 003 | BD-RjUL | ||
| 005 | 20211208234115.0 | ||
| 008 | 171026s1961 nyua b 000 0 eng c | ||
| 035 | _a(BD-RjUL)5705 | ||
| 040 |
_aDLC/ICU _cCGU _dUKM _dEQO _dBD-RjUL _beng |
||
| 041 | 1 | _aengrus | |
| 082 | 0 |
_a515.9 _223 _bFAT 1961 |
|
| 100 | 1 |
_aFaddeeva, V. N. _9219318 |
|
| 245 | 1 | 0 |
_aables of values of the function w(z)=e [superscript - z squared] (1 + 2i/[mathematical symbol pi] [mathematical symbol with superscript z and subscript 0] e [superscript t squared] dt) for complex argument / _cby V.N. Faddeyeva and N.M. Terentʹtev ; Edited by V.A. Fok ; Translated from the Russian by D.G. Fry. |
| 260 |
_aNew York : _bPergamon press, _c1961. |
||
| 300 |
_a[6], 280 p. : _bIll. ; _c27 cm. |
||
| 490 | 1 |
_aMathematical tables ; _vv. 11. |
|
| 500 | _aAt head of title: U.S.S.R. Academy of Sciences. | ||
| 500 | _aTitle on spine: Tables of the probability integral for complex argument. | ||
| 504 | _aBibliography: p. 30. | ||
| 650 | 0 |
_aFunctions. _9219319 |
|
| 650 | 0 |
_aIntegrals. _9219320 |
|
| 700 | 1 |
_aTerentʹev, N. M. , jt. auth. _9219321 |
|
| 700 | 1 |
_aFok, V. A. , ed. _9219323 |
|
| 700 | 1 |
_aFry, D. G. , tr. _9219324 |
|
| 740 | 0 | 1 | _aTables of the probability integral for complex argument. |
| 830 | 0 |
_aMathematical tables ; _vv. 11. _9219327 |
|
| 942 |
_2ddc _cBK |
||
| 999 |
_c5666 _d5666 |
||